| 000 | 00469nam a2200157Ia 4500 | ||
|---|---|---|---|
| 999 |
_c35922 _d35922 |
||
| 003 | OSt | ||
| 005 | 20201216100138.0 | ||
| 008 | 190216s9999||||xx |||||||||||||| ||und|| | ||
| 040 | _coclc | ||
| 082 |
_a355.033254 _bBAR/M |
||
| 100 |
_aBaranwal, S P _95803 |
||
| 245 | 0 |
_aMilitary Yearbook 1986-87 / _cS P Baranwal |
|
| 260 |
_bGuide Publications, _c1988. _aNew Delhi: |
||
| 300 | _a340p | ||
| 942 |
_cREF _2ddc _h355.033254 _iBAR/M _k355.033254 _mBAR/M |
||